Work with me ! resolving everyday conflict in your organization (Record no. 171200)

MARC details
000 -LEADER
fixed length control field 00433nam a2200145Ia 4500
008 - FIXED-LENGTH DATA ELEMENTS--GENERAL INFORMATION
fixed length control field 231217s9999 xx 000 0 und d
041 ## - LANGUAGE CODE
Language code of text/sound track or separate title English
082 ## - DEWEY DECIMAL CLASSIFICATION NUMBER
Classification number 658.3 SCO;1 R
100 ## - MAIN ENTRY--PERSONAL NAME
Personal name Scott, Gini Graham
245 #0 - TITLE STATEMENT
Title Work with me ! resolving everyday conflict in your organization
260 ## - PUBLICATION, DISTRIBUTION, ETC.
Date of publication, distribution, etc. 2004
Name of publisher, distributor, etc. Jaico
Place of publication, distribution, etc. Mumbai
300 ## - PHYSICAL DESCRIPTION
Extent xxii+162
650 ## - SUBJECT ADDED ENTRY--TOPICAL TERM
Topical term or geographic name entry element Work,me,!,resolving,everyday,conflict,your,organization
942 ## - ADDED ENTRY ELEMENTS (KOHA)
Koha item type Books
Holdings
Date last seen Total checkouts Full call number Accession number Date last checked out Cost, total (INR) price Price effective from Category Lost status Damaged status Department Withdrawn status Home library Current library Shelving location Entry date Vendor Cost, normal purchase price Grants Billnumber Billdate Currency symbol Conversion rate Discount Old discount
05/05/2025 1 658.3 SCO;1 R 26392 28/04/2025 540.00 26/01/2024 Books     Central Library   Central Library RFID Kiosk Central Library 06/03/2004 LBPD- L.B. Publishers & Distributors Pvt. Ltd. 675.00 MBA 4/36873 01/01/2015 RS 1 135 20

© For any Suggestions or Query, please contact the library staff @ librarian@pes.edu or Phone: +9180 2672 1983/ 2108.